[Event "HUN-chT2 Charousek 1819"]
[Site "Hungary"]
[Date "2018.09.23"]
[Round "1.11"]
[White "Gaal, Zsoka"]
[Black "Salavecz, Gergely"]
[Result "1/2-1/2"]
[WhiteElo "1918"]
[BlackElo "1947"]
[PlyCount "48"]
[EventDate "2018.09.23"]
[EventType "team-tourn"]
[EventRounds "11"]
[EventCountry "HUN"]
[SourceTitle "CBM 189 Extra"]
[Source "ChessBase"]
[SourceDate "2019.06.03"]
[SourceVersion "1"]
[SourceVersionDate "2019.06.03"]
[SourceQuality "1"]
[WhiteTeam "Ajka Banyasz"]
[BlackTeam "Balatonfuered"]
[WhiteTeamCountry "HUN"]
[BlackTeamCountry "HUN"]

1. Nf3 d5 2. g3 Nf6 3. Bg2 c6 4. c4 Bf5 5. cxd5 cxd5 6. 0-0 e6 7. Qb3 Qc8 8. d3 Nbd7 9. Nc3 a6 10. Bf4 Nc5 11. Qc2 Be7 12. Rac1 0-0 13. b4 Ncd7 14. Qb3 Qd8 15. Na4 Rc8 16. Rfd1 Rxc1 17. Rxc1 Qa8 18. a3 Rc8 19. Rc3 Ne8 20. Qc2 Rxc3 21. Qxc3 Bf6 22. d4 b5 23. Nc5 Nb6 24. Nd2 Qc8 1/2-1/2

[Event "HUN-chT2 Charousek 1516"]
[Site "Hungary"]
[Date "2016.02.28"]
[Round "6.12"]
[White "Salavecz, Gergely"]
[Black "Toth Katona, Tamas"]
[Result "0-1"]
[WhiteElo "1966"]
[BlackElo "2035"]
[PlyCount "76"]
[EventDate "2015.10.18"]
[EventType "team-tourn"]
[EventRounds "9"]
[EventCountry "HUN"]
[SourceTitle "EXT 2017"]
[Source "ChessBase"]
[SourceDate "2016.10.25"]
[SourceVersion "1"]
[SourceVersionDate "2016.10.25"]
[SourceQuality "1"]
[WhiteTeam "Balatonfuered"]
[BlackTeam "Budapest MTK"]
[WhiteTeamCountry "HUN"]
[BlackTeamCountry "HUN"]

1. e4 c5 2. Nf3 d6 3. d4 cxd4 4. Nxd4 Nf6 5. Nc3 a6 6. Be2 e5 7. Nb3 Be6 8. f4 Qc7 9. g4 b5 10. g5 b4 11. Nb5 axb5 12. gxf6 Qc6 13. fxg7 Bxg7 14. f5 Bxf5 15. Rg1 Bg6 16. Qd5 Qxd5 17. exd5 0-0 18. Bxb5 f5 19. Bd2 e4 20. 0-0-0 Na6 21. Bxa6 Rxa6 22. Bxb4 f4 23. a3 e3 24. Nd4 f3 25. Nxf3 Rxf3 26. Rgf1 Rh3 27. Rde1 Bh6 28. Re2 Be4 29. c4 Bf3 30. Rxf3 Rxf3 31. Kc2 Kf7 32. Kd3 Kf6 33. c5 dxc5 34. Bxc5 Ke5 35. d6 Ra5 36. Bb4 Rd5+ 37. Kc4 Rf2 38. Re1 e2 0-1

[Event "HUN-chT2 Charousek 1516"]
[Site "Hungary"]
[Date "2015.10.18"]
[Round "1.12"]
[White "Salavecz, Gergely"]
[Black "Egri, Laszlo Jr"]
[Result "1/2-1/2"]
[WhiteElo "1966"]
[BlackElo "2156"]
[PlyCount "127"]
[EventDate "2015.10.18"]
[EventType "team-tourn"]
[EventRounds "9"]
[EventCountry "HUN"]
[SourceTitle "CBM 170 Extra"]
[Source "ChessBase"]
[SourceDate "2016.02.25"]
[SourceVersion "1"]
[SourceVersionDate "2016.02.25"]
[SourceQuality "1"]
[WhiteTeam "Balatonfuered"]
[BlackTeam "Haladas II"]
[WhiteTeamCountry "HUN"]
[BlackTeamCountry "HUN"]

1. e4 c5 2. Nf3 e6 3. d4 cxd4 4. Nxd4 a6 5. Nc3 Qc7 6. Be2 Nf6 7. 0-0 Bc5 8. Be3 b5 9. Bf3 e5 10. Nf5 0-0 11. a4 b4 12. Nd5 Nxd5 13. Qxd5 Bxe3 14. Ne7+ Kh8 15. Nxc8 Qc6 16. fxe3 Qxd5 17. exd5 Rxc8 18. Be4 f6 19. a5 Ra7 20. g4 Rc4 21. Bf5 g6 22. Bd3 Rxg4+ 23. Kf2 d6 24. h3 Rg5 25. Ra4 Rb7 26. b3 Rh5 27. Kg3 Rg5+ 28. Kh2 Kg7 29. Rg1 Rxg1 30. Kxg1 f5 31. Kf2 e4 32. Bc4 Kf6 33. Kg3 Ke5 34. h4 h6 35. Kf2 g5 36. hxg5 hxg5 37. Kg3 f4+ 38. Kf2 Kf5 39. Be2 Ke5 40. Bc4 Kf5 41. Be2 f3 42. Bf1 Kg4 43. c3 bxc3 44. Rxe4+ Kh5 45. Rc4 Rxb3 46. Kxf3 Nd7 47. Ke4 Nc5+ 48. Kd4 Ra3 49. Rxc3 Rxa5 50. e4 Ra4+ 51. Rc4 Rxc4+ 52. Bxc4 Nd7 53. Bxa6 Kh4 54. Bc8 Ne5 55. Ke3 Kg3 56. Be6 g4 57. Bf5 Kg2 58. Bxg4 Nxg4+ 59. Kf4 Ne5 60. Kf5 Kf3 61. Ke6 Nc4 62. e5 dxe5 63. d6 Nxd6 64. Kxe5 1/2-1/2

[Event "HUN-chT2 Charousek 1112"]
[Site "Hungary"]
[Date "2012.03.25"]
[Round "8"]
[White "Salavecz, Gergely"]
[Black "Bartuszek, Andras"]
[Result "1-0"]
[WhiteElo "1951"]
[BlackElo "1871"]
[PlyCount "45"]
[EventDate "2011.09.25"]
[EventType "team-tourn"]
[EventRounds "11"]
[EventCountry "HUN"]
[SourceTitle "EXT 2013"]
[Source "ChessBase"]
[SourceDate "2012.11.22"]
[SourceVersion "1"]
[SourceVersionDate "2012.11.22"]
[SourceQuality "1"]
[WhiteTeam "Balatonfuered"]
[BlackTeam "Budapest MTK"]
[WhiteTeamCountry "HUN"]
[BlackTeamCountry "HUN"]

1. e4 c5 2. Nf3 d6 3. d4 cxd4 4. Nxd4 Nf6 5. Nc3 a6 6. Be2 e5 7. Nb3 h6 8. Be3 Be6 9. Qd2 Ng4 10. Bxg4 Bxg4 11. Nd5 Nd7 12. Qb4 Rc8 13. Na5 Rxc2 14. Nxb7 Qb8 15. 0-0 Nc5 16. Nxc5 Qxb4 17. Nxb4 Rxb2 18. Ncd3 Re2 19. Rfc1 Be7 20. h3 Be6 21. Kf1 Rxe3 22. fxe3 a5 23. Nd5 1-0

[Event "HUN-chT2 Charousek 1112"]
[Site "Hungary"]
[Date "2011.10.30"]
[Round "2"]
[White "Salavecz, Gergely"]
[Black "Bodor, Gergely"]
[Result "1-0"]
[WhiteElo "1951"]
[BlackElo "1764"]
[PlyCount "135"]
[EventDate "2011.09.25"]
[EventType "team-tourn"]
[EventRounds "11"]
[EventCountry "HUN"]
[SourceTitle "EXT 2013"]
[Source "ChessBase"]
[SourceDate "2012.11.22"]
[SourceVersion "1"]
[SourceVersionDate "2012.11.22"]
[SourceQuality "1"]
[WhiteTeam "Balatonfuered"]
[BlackTeam "Gyor Elektromos"]
[WhiteTeamCountry "HUN"]
[BlackTeamCountry "HUN"]

1. e4 e5 2. Nf3 Nc6 3. Bb5 a6 4. Ba4 Nf6 5. 0-0 b5 6. Bb3 Be7 7. Re1 d6 8. c3 Bg4 9. d4 exd4 10. cxd4 Qd7 11. Nc3 0-0 12. Bc2 Bxf3 13. gxf3 Qh3 14. Nd5 Bd8 15. Nf4 Qd7 16. Be3 Re8 17. Kh1 Be7 18. Rg1 Bf8 19. a4 g6 20. Qf1 Rab8 21. h4 h5 22. Bb3 Kh7 23. Qg2 Bg7 24. Rad1 Qe7 25. Nh3 Rf8 26. Ng5+ Kh8 27. axb5 axb5 28. f4 Na5 29. Ba2 Nc4 30. Bc1 Ng4 31. Bxc4 bxc4 32. f3 Nh6 33. Qc2 Rb4 34. Bd2 Rb6 35. Bc3 Rb3 36. Ra1 Qd7 37. Rg3 c5 38. Rd1 cxd4 39. Bxd4 Bxd4 40. Rxd4 Qa4 41. Rxc4 Qa1+ 42. Rg1 Qa2 43. Rg2 Rfb8 44. Rc8+ Rxc8 45. Qxc8+ Kg7 46. Qc2 Rb5 47. Qc3+ Kg8 48. f5 Re5 49. Qc8+ Kg7 50. f6+ Kxf6 51. Qh8+ Ke7 52. Qxh6 Qb1+ 53. Kh2 Qc1 54. Qg7 Qf4+ 55. Kh3 Rxg5 56. hxg5 Qxf3+ 57. Kh2 Qf4+ 58. Kg1 Qe3+ 59. Kf1 Qf3+ 60. Rf2 Qd1+ 61. Kg2 Qg4+ 62. Kh1 Qh3+ 63. Kg1 Qg3+ 64. Kf1 Qd3+ 65. Re2 h4 66. Qf6+ Kd7 67. Qxf7+ Kc8 68. Qg8+ 1-0

[Event "HUN-chT2 Charousek 1011"]
[Site "Hungary"]
[Date "2010.09.12"]
[Round "1"]
[White "Nemeth, Zsolt"]
[Black "Salavecz, Gergely"]
[Result "1-0"]
[WhiteElo "1981"]
[BlackElo "1920"]
[PlyCount "53"]
[EventDate "2010.09.12"]
[EventType "team-tourn"]
[EventRounds "11"]
[EventCountry "HUN"]
[SourceTitle "EXT 2012"]
[Source "ChessBase"]
[SourceDate "2011.11.24"]
[SourceVersion "1"]
[SourceVersionDate "2011.11.24"]
[SourceQuality "1"]
[WhiteTeam "Csuti II"]
[BlackTeam "Balatonfuered"]
[WhiteTeamCountry "HUN"]
[BlackTeamCountry "HUN"]

1. e4 e5 2. Nf3 Nc6 3. Nc3 Nf6 4. d4 exd4 5. Nxd4 Bb4 6. Nxc6 bxc6 7. Bd3 0-0 8. 0-0 Re8 9. Bg5 h6 10. Bh4 Be7 11. Bg3 Bb4 12. e5 Nd5 13. Ne4 Rb8 14. c4 Nb6 15. c5 d5 16. exd6 Na8 17. a3 Bf5 18. axb4 Bxe4 19. Bxe4 Rxe4 20. Rxa7 cxd6 21. Bxd6 Rbxb4 22. f3 Re8 23. Qd2 Rb5 24. Qf4 f6 25. Qg4 g5 26. Qc4+ Kh8 27. Qf7 1-0

[Event "HUN-ch U12"]
[Site "Budapest"]
[Date "2010.06.30"]
[Round "5"]
[White "Salavecz, Gergely"]
[Black "Gledura, Benjamin"]
[Result "0-1"]
[WhiteElo "1892"]
[BlackElo "2102"]
[PlyCount "70"]
[EventDate "2010.06.26"]
[EventType "swiss"]
[EventRounds "9"]
[EventCountry "HUN"]
[SourceTitle "CBM 137 Extra"]
[Source "ChessBase"]
[SourceDate "2010.09.01"]
[SourceVersion "1"]
[SourceVersionDate "2010.09.01"]
[SourceQuality "1"]

1. e4 c5 2. Nf3 e6 3. d4 cxd4 4. Nxd4 a6 5. Nc3 Qc7 6. Be2 b5 7. 0-0 Bb7 8. Bf3 Nc6 9. Nxc6 dxc6 10. Qe2 e5 11. Be3 Nf6 12. Rad1 Be7 13. g3 0-0 14. Bg2 Bc8 15. h3 Be6 16. b3 Rad8 17. Rxd8 Rxd8 18. Kh2 Qa5 19. Bd2 Bb4 20. Rd1 h6 21. f4 exf4 22. gxf4 Rxd2 23. Qxd2 Bxc3 24. Qd8+ Kh7 25. Qd3 g6 26. Rg1 b4 27. Bf3 Qc7 28. e5 Nd5 29. Bxd5 cxd5 30. Qxa6 Bd2 31. Qf1 Qxc2 32. Rg2 Qc3 33. Rg3 Be3 34. Qf3 d4 35. h4 Qd2+ 0-1

[Event "HUN-ch U12"]
[Site "Balatonlelle"]
[Date "2009.07.05"]
[Round "9"]
[White "Salavecz, Gergely"]
[Black "Korpa, Bence"]
[Result "0-1"]
[WhiteElo "1835"]
[BlackElo "2078"]
[PlyCount "78"]
[EventDate "2009.06.27"]
[EventType "swiss"]
[EventRounds "9"]
[EventCountry "HUN"]
[SourceTitle "EXT 2011"]
[Source "ChessBase"]
[SourceDate "2010.11.26"]
[SourceVersion "1"]
[SourceVersionDate "2010.11.26"]
[SourceQuality "1"]

1. e4 d6 2. d4 Nf6 3. Nc3 e5 4. Nf3 Nbd7 5. Bc4 Be7 6. 0-0 0-0 7. Re1 a6 8. a4 b6 9. b3 Bb7 10. Bb2 c6 11. Bd3 Qc7 12. Ne2 g6 13. Ng3 Rfe8 14. h4 h6 15. h5 b5 16. hxg6 fxg6 17. Qd2 Bf8 18. Nh4 Kh7 19. f4 Bg7 20. Nf1 Nh5 21. f5 g5 22. Nf3 Qb6 23. a5 Qc7 24. Kf2 Bf6 25. N1h2 exd4 26. Bxd4 c5 27. Bxf6 Nhxf6 28. c4 b4 29. Rh1 Kg7 30. Nf1 Ng4+ 31. Kg1 Qd8 32. Ng3 Nde5 33. Nxe5 dxe5 34. Ne2 Nf6 35. Qe3 Qd6 36. Rd1 Rad8 37. Bc2 Qxd1+ 38. Bxd1 Rxd1+ 39. Kh2 Ng4+ 0-1

[Event "HUN-ch U12"]
[Site "Balatonlelle"]
[Date "2009.07.01"]
[Round "5"]
[White "Salavecz, Gergely"]
[Black "Urhegyi, Marton"]
[Result "1-0"]
[WhiteElo "1835"]
[BlackElo "1767"]
[PlyCount "91"]
[EventDate "2009.06.27"]
[EventType "swiss"]
[EventRounds "9"]
[EventCountry "HUN"]
[SourceTitle "EXT 2011"]
[Source "ChessBase"]
[SourceDate "2010.11.26"]
[SourceVersion "1"]
[SourceVersionDate "2010.11.26"]
[SourceQuality "1"]

1. e4 e6 2. d4 b6 3. Nf3 Bb7 4. Bd3 c5 5. c3 d6 6. Qe2 Be7 7. 0-0 Nd7 8. Nbd2 Ngf6 9. Re1 0-0 10. Nf1 Qc7 11. Ng3 Rac8 12. Bd2 Rfd8 13. Rac1 h6 14. h3 c4 15. Bc2 b5 16. Nh2 Qc6 17. Ng4 Nxg4 18. hxg4 Nb6 19. f4 Bh4 20. Kh2 f6 21. Rh1 Kf7 22. Nf1 f5 23. g5 g6 24. g3 hxg5 25. gxh4 gxh4 26. Ne3 Rh8 27. Rcg1 Rcg8 28. Rg5 Qd7 29. Rhg1 Qe7 30. d5 e5 31. Nf1 exf4 32. Bxf4 Nxd5 33. Qf2 Nxf4 34. Qxf4 Bxe4 35. Bxe4 Qxe4 36. Qxd6 h3 37. Qd7+ Kf8 38. Qd6+ Kf7 39. Qc7+ Kf6 40. Rxg6+ Rxg6 41. Qd6+ Kf7 42. Qxg6+ Ke7 43. Qg7+ Ke6 44. Rg6+ Kd5 45. Qxh8 Qe2+ 46. Kg1 1-0

[Event "HUN-chT2 Asztalos 0809"]
[Site "Hungary"]
[Date "2009.02.08"]
[Round "7"]
[White "Sasdi, Sandor"]
[Black "Salavecz, Gergely"]
[Result "1-0"]
[WhiteElo "1927"]
[BlackElo "1863"]
[PlyCount "59"]
[EventDate "2008.10.26"]
[EventType "team-tourn"]
[EventRounds "11"]
[EventCountry "HUN"]
[SourceTitle "EXT 2010"]
[Source "ChessBase"]
[SourceDate "2010.11.25"]
[SourceVersion "1"]
[SourceVersionDate "2010.11.25"]
[SourceQuality "1"]
[WhiteTeam "Komlo"]
[BlackTeam "MAV Elore"]
[WhiteTeamCountry "HUN"]
[BlackTeamCountry "HUN"]

1. Nf3 d5 2. c4 dxc4 3. Na3 Nf6 4. Nxc4 e6 5. d4 c5 6. e3 Nc6 7. Be2 cxd4 8. Nxd4 Nxd4 9. exd4 Bb4+ 10. Bd2 Bxd2+ 11. Qxd2 0-0 12. 0-0 Nd5 13. Bf3 Nb6 14. Ne3 Qf6 15. Rfd1 Rd8 16. Qc3 Rb8 17. Qc7 Ra8 18. Ng4 Qg5 19. Ne5 Nd7 20. Bxb7 Bxb7 21. Qxb7 Nxe5 22. dxe5 Qxe5 23. Rd7 Rdb8 24. Rad1 h6 25. Qf3 f5 26. b3 Rc8 27. h3 a5 28. a4 Qc3 29. Rd8+ Kh7 30. Qxc3 1-0